000 00254nam a22000977a 4500
999 _c11723
_d11723
008 200110b ||||| |||| 00| 0 eng d
020 _a0570060699
100 _aAllan
_93820
245 _aThe Little Mouse's Wonderful Journey
260 _aUSA
_bArch Books
_c1972